000 00900nam a2200229 a 4500
001 59615
003 BD-RjUL
005 20211209080742.0
008 160806s2007 bg ||||| |||| 00| 0 ben d
020 _a9847002200141
_c: Tk.150.00
035 _a(BD-RjUL)59739
040 _aBD-RjUL
_bben
_cBD-RjUL
_dBD-RjUL
041 _aben
082 _a371.33
_223
_bKAS 2007
100 _aকায়কোবাদ, মোহাম্মদ
_9119329
245 1 0 _aশিক্ষা, তথ্যপ্রযুক্তি ও সম্ভাবনাময় বাংলাদেশ /
_cমোহাম্মদ কায়কোবাদ
260 _aঢাকা :
_bসূচীপত্র,
_c২০০৭
300 _a১১৯ পৃ. ;
_c২২ সেমি.
650 _aশিক্ষা প্রযুক্তি
_9142923
650 _aEducational Technology
_9142924
942 _2ddc
_cBK
999 _c59615
_d59615